[Event "European Rapid 2022"]
[Site "Katowice POL"]
[Date "2022.12.18"]
[Round "10.73"]
[White "Dors, Ryszard"]
[Black "Cukrowski, Filip"]
[Result "0-1"]
[BlackTitle "FM"]
[WhiteElo "2142"]
[BlackElo "2402"]
[WhiteFideId "1104217"]
[BlackFideId "1171097"]
[EventDate "2022.12.17"]

1. Nf3 Nf6 2. c4 c5 3. Nc3 g6 4. g3 b6 5. Bg2 Bb7 6. b3 Bg7 7. Bb2 O-O 8. O-O d6
9. d4 cxd4 10. Qxd4 Nbd7 11. Nd5 Ne5 12. Nxf6+ Bxf6 13. Nxe5 Bxe5 14. Qd2 Bxg2
15. Kxg2 Bxb2 16. Qxb2 Qc8 17. Rfd1 Qc6+ 18. f3 a6 19. Rac1 Rfc8 20. h4 h5 21.
Qd2 Qd7 22. Qe3 Rc5 23. Rd5 Rac8 24. Rcd1 Qe6 25. Qxe6 fxe6 26. Rxc5 Rxc5 27.
Rd2 Kf7 28. Kf2 Kf6 29. e4 Ra5 30. a4 Rc5 31. Ke3 d5 32. cxd5 exd5 33. Rd3 e6
34. exd5 Rxd5 35. Rc3 Rd6 36. Rc4 Ke5 37. a5 bxa5 38. Rc5+ Rd5 39. Rc6 Rb5 40.
Rc3 Kf6 41. g4 Rb4 42. g5+ Kf5 43. Rc5+ e5 44. Rxa5 Rxh4 45. Rxa6 Rb4 46. Ra3
Kxg5 47. Kd3 h4 48. Kc3 Rf4 49. Ra1 Rxf3+ 50. Kc4 h3 51. b4 h2 52. b5 Kg4 53. b6
Rf8 54. Kd5 g5 55. b7 Kh3 56. Kxe5 g4 57. Ra3+ g3 0-1

[Event "European Rapid 2022"]
[Site "Katowice POL"]
[Date "2022.12.18"]
[Round "10.74"]
[White "Wyss, Jonas"]
[Black "Kopaczewski, Adam"]
[Result "1-0"]
[WhiteTitle "FM"]
[WhiteElo "2222"]
[BlackElo "2096"]
[WhiteFideId "1311387"]
[BlackFideId "1187309"]
[EventDate "2022.12.17"]

1. e4 e5 2. Nf3 Nc6 3. Nc3 Nf6 4. d4 exd4 5. Nxd4 Bb4 6. Nxc6 bxc6 7. Bd3 O-O 8.
O-O d5 9. exd5 cxd5 10. h3 a5 11. Qf3 c6 12. Bf4 Ba6 13. Rad1 Bxd3 14. Rxd3 Re8
15. Ne2 Bd6 16. Nd4 Bxf4 17. Qxf4 Re4 18. Qf3 Qd6 19. Rfd1 Rae8 20. Qg3 Re1+ 21.
Kh2 Qxg3+ 22. Kxg3 Rxd1 23. Rxd1 c5 24. Nb3 Re2 25. c4 Ne4+ 26. Kf4 g5+ 27. Kf5
Rxf2+ 28. Ke5 Rxb2 29. cxd5 Re2 30. d6 Nxd6+ 31. Kxd6 Rxa2 32. Rd2 Ra3 33. Nxc5
Kg7 34. Ne4 Kg6 35. Ke5 Rb3 36. Rd6+ Kg7 37. Kf5 h6 38. Kg4 Rb4 39. Kf3 f5 40.
Ng3 Rb3+ 41. Kf2 Rb5 42. Nh5+ Kh7 43. Ra6 Rb2+ 44. Kg1 Rb5 45. Nf6+ Kg7 46. Ne8+
Kh7 47. Nf6+ Kg7 48. Ne8+ Kh7 49. Nd6 Rd5 50. Nc4 f4 51. Rxa5 Rd1+ 52. Kf2 Rc1
53. Ne5 Rc2+ 54. Kg1 Re2 55. Ra7+ Kg8 56. Ng4 Re6 57. Kf2 Kh8 58. Rf7 h5 59. Nf6 1-0

[Event "European Rapid 2022"]
[Site "Katowice POL"]
[Date "2022.12.18"]
[Round "10.75"]
[White "Paprocki, Jaroslaw"]
[Black "Vega Gutierrez, Sabrina"]
[Result "0-1"]
[BlackTitle "IM"]
[WhiteElo "2158"]
[BlackElo "2361"]
[WhiteFideId "1122274"]
[BlackFideId "2219026"]
[EventDate "2022.12.17"]

1. e4 c5 2. Nf3 e6 3. d4 cxd4 4. Nxd4 Nc6 5. Nxc6 bxc6 6. Bd3 Nf6 7. Nd2 e5 8.
O-O Bc5 9. Nc4 O-O 10. Bg5 Re8 11. Re1 Rb8 12. Qf3 h6 13. Bxf6 Qxf6 14. Qxf6
gxf6 15. b3 d5 16. Ne3 Be6 17. Rad1 a5 18. g4 a4 19. exd5 cxd5 20. bxa4 Red8 21.
Bb5 Bxe3 22. Rxe3 d4 23. Rf3 Kg7 24. c3 e4 25. Rf4 dxc3 26. Rc1 Rbc8 27. Rxe4 c2
28. Be2 f5 29. gxf5 Bxf5 30. Re3 Re8 31. a5 Rxe3 32. fxe3 Rb8 33. a6 Rb1 34. a7
Be4 35. Bd3 Rxc1+ 36. Kf2 Bxd3 37. a8=Q Rf1+ 38. Kg2 c1=Q 0-1

[Event "European Rapid 2022"]
[Site "Katowice POL"]
[Date "2022.12.18"]
[Round "10.76"]
[White "Grzesik, Gracjan"]
[Black "Kacprzak, Karol"]
[Result "1-0"]
[WhiteElo "2148"]
[BlackElo "2226"]
[WhiteFideId "1194593"]
[BlackFideId "21819327"]
[EventDate "2022.12.17"]

1. c4 e5 2. Nc3 Nc6 3. Nf3 f5 4. d4 e4 5. Ng5 Bb4 6. Nh3 Nf6 7. Bd2 Bxc3 8. Bxc3
d6 9. e3 O-O 10. Be2 Bd7 11. Qd2 Qe7 12. O-O-O a5 13. Nf4 Qf7 14. h4 b6 15. Kb1
a4 16. c5 d5 17. cxb6 cxb6 18. Bb4 Rfc8 19. Rc1 Qe8 20. Rc2 Na7 21. Rhc1 Bb5 22.
Bd6 Qd7 23. Be5 Ne8 24. Qb4 Bxe2 25. Nxe2 Rxc2 26. Rxc2 Nb5 27. Nf4 Kf7 28. a3
Nf6 29. Bxf6 Kxf6 30. Ka2 Kf7 31. Kb1 Kg8 32. Ka2 Kf7 33. Kb1 Kg8 34. Ne2 h6 35.
g3 Kh7 36. Nc3 Nc7 37. Qxb6 Ra6 38. Qb4 Ne8 39. Qb5 Qxb5 40. Nxb5 Nf6 41. Ka2 g5
42. hxg5 hxg5 43. b3 Kg6 44. bxa4 Rxa4 45. Kb3 Ra6 46. a4 Nd7 47. Kb4 Kh5 48. a5
Nb8 49. Nc7 Rd6 50. Kb5 Kg4 51. a6 Nxa6 52. Nxa6 Kf3 53. Nc7 Rh6 54. Nxd5 Rh2
55. Ne7 f4 56. gxf4 g4 57. Ng6 Rxf2 58. Ne5+ 1-0

[Event "European Rapid 2022"]
[Site "Katowice POL"]
[Date "2022.12.18"]
[Round "10.77"]
[White "Zhuk, Ivan"]
[Black "Marn, Jan"]
[Result "0-1"]
[BlackTitle "FM"]
[WhiteElo "2035"]
[BlackElo "2332"]
[WhiteFideId "13508342"]
[BlackFideId "14619245"]
[EventDate "2022.12.17"]

1. e4 e5 2. Nf3 Nc6 3. Bb5 a6 4. Ba4 d6 5. O-O Bd7 6. c3 Nge7 7. d4 Ng6 8. Bb3
Be7 9. Re1 h6 10. Be3 Bg5 11. Nbd2 Qf6 12. Nxg5 hxg5 13. Nf3 Nf4 14. dxe5 dxe5
15. Bxf4 gxf4 16. Qd5 Be6 17. Qc5 Qe7 18. Qxe7+ Kxe7 19. Bd5 f6 20. Rad1 g5 21.
h3 Bxh3 22. gxh3 Rxh3 23. Bxc6 bxc6 24. Kg2 g4 25. Ng1 f3+ 26. Kf1 Rh1 27. Rd3
Rah8 28. Red1 R8h2 29. Rd7+ Ke6 30. Rxc7 Rg2 31. Rxc6+ Kf7 32. Rd7+ Ke8 0-1

[Event "European Rapid 2022"]
[Site "Katowice POL"]
[Date "2022.12.18"]
[Round "10.78"]
[White "Heldt, Nils-Lennart"]
[Black "Paszewski, Mateusz"]
[Result "1-0"]
[BlackTitle "FM"]
[WhiteElo "2070"]
[BlackElo "2282"]
[WhiteFideId "12952109"]
[BlackFideId "1141058"]
[EventDate "2022.12.17"]

1. e4 c6 2. Nf3 d5 3. d3 Qc7 4. Nc3 dxe4 5. dxe4 e5 6. Bc4 h6 7. h3 Nf6 8. O-O
b5 9. Bd3 Nbd7 10. a4 b4 11. Ne2 Nc5 12. Ng3 Nxd3 13. cxd3 Ba6 14. Re1 c5 15.
Qc2 Nd7 16. d4 exd4 17. Nxd4 Qa5 18. Nb3 Qc7 19. Be3 c4 20. Nd4 Bc5 21. Nh5 Qe5
22. Qd1 g6 23. Ng3 Nf8 24. Nc6 Qd6 25. Qxd6 Bxd6 26. e5 Kd7 27. Nxa7 Bxe5 28.
Ne4 Ne6 29. Rad1+ Kc7 30. a5 Bd4 31. Bxd4 Nxd4 32. Rxd4 Rxa7 33. Nc5 Kc6 34.
Nxa6 Rxa6 35. Rxc4+ Kb5 36. Rc7 Rf8 37. Rb7+ Kc4 38. Re4+ Kd5 39. Rexb4 Rxa5 40.
Rd7+ Ke6 41. Rbb7 Ra1+ 42. Kh2 h5 43. Rdc7 Kf6 44. h4 Rf1 45. Kg3 Rb1 46. Kf3
Re1 47. g3 Kg7 48. b4 Re6 49. b5 Rf6+ 50. Kg2 Rd8 51. Rc2 Rd4 52. Rb2 Re6 53. b6
Ree4 54. Rc7 Rb4 55. Rcc2 Rxb2 56. Rxb2 Re8 57. b7 Rb8 58. Kf3 Kf6 59. Ke4 Ke6
60. Kf4 f6 61. Ke4 Kd6 62. Rb6+ Kc5 63. Rxf6 Rxb7 64. Rxg6 Re7+ 65. Kf5 Kd5 66.
f3 Rf7+ 67. Rf6 Rg7 68. Kf4 Rg8 69. Rf5+ 1-0

[Event "European Rapid 2022"]
[Site "Katowice POL"]
[Date "2022.12.18"]
[Round "10.79"]
[White "Sotsky, Alexander"]
[Black "Niezhentsev, Kyrylo"]
[Result "1-0"]
[WhiteTitle "IM"]
[WhiteElo "2333"]
[BlackElo "2052"]
[WhiteFideId "4130715"]
[BlackFideId "34126660"]
[EventDate "2022.12.17"]

1. d4 Nf6 2. Bg5 c5 3. Nc3 d5 4. e3 e6 5. Nf3 Nc6 6. Be2 c4 7. O-O Bb4 8. Nb1 h6
9. Bf4 Ne4 10. c3 Be7 11. Nbd2 g5 12. Be5 f6 13. Bg3 h5 14. Nxe4 dxe4 15. Nxg5
fxg5 16. Bxh5+ Kf8 17. f3 Kg8 18. fxe4 Rh7 19. d5 Na5 20. d6 Bf8 21. e5 Bd7 22.
Qf3 Nc6 23. Bg6 Rh6 24. Qf7+ Kh8 25. h4 Bg7 26. h5 Nxe5 27. Bxe5 Bxe5 28. Rf2
Bg7 29. Raf1 Be8 30. Qxb7 Bxg6 31. hxg6 Rb8 32. Qe7 Rxg6 33. Qf7 Rh6 34. d7 Qc7
35. Qe8+ Kh7 36. Rf7 Rd8 37. Rxg7+ Kxg7 38. Rf7+ Kg6 39. Rf8+ 1-0

[Event "European Rapid 2022"]
[Site "Katowice POL"]
[Date "2022.12.18"]
[Round "10.80"]
[White "Grabarczyk, Miroslaw"]
[Black "Gorkiewicz, Mateusz"]
[Result "1/2-1/2"]
[WhiteTitle "GM"]
[WhiteElo "2337"]
[BlackElo "2076"]
[WhiteFideId "1101684"]
[BlackFideId "21807299"]
[EventDate "2022.12.17"]

1. d4 Nf6 2. c4 e6 3. g3 d5 4. Bg2 Be7 5. Nf3 O-O 6. O-O dxc4 7. Qc2 a6 8. a4
Bd7 9. Qxc4 Bc6 10. Bg5 Nbd7 11. Nc3 h6 12. Bxf6 Nxf6 13. Qd3 Bxf3 14. Bxf3 c6
15. Rfd1 Qc7 16. Qc4 Rac8 17. a5 Rfd8 18. Rd3 e5 19. d5 cxd5 20. Qxc7 Rxc7 21.
Nxd5 Nxd5 22. Rxd5 Rxd5 23. Bxd5 Bb4 24. e4 Kf8 25. Ra4 Bc5 26. h4 Ke7 27. Kg2
Kd6 28. h5 g6 29. hxg6 fxg6 30. f3 Bd4 31. b3 Bc3 32. f4 Be1 33. Bc4 Rc5 34. Ra1
Bxa5 35. Rd1+ Ke7 36. Bd5 Rc2+ 37. Kh3 Rc3 38. Kg4 h5+ 39. Kh4 exf4 40. gxf4 Bd8
41. Kg5 Rg3+ 42. Kh6 Bc7 43. e5 Rg4 44. Rf1 Ba5 45. f5 Bd2+ 46. Kh7 gxf5 47.
Rxf5 h4 48. Bxb7 a5 49. Bd5 Rg5 50. Rxg5 Bxg5 51. Kg6 Bd2 1/2-1/2

[Event "European Rapid 2022"]
[Site "Katowice POL"]
[Date "2022.12.18"]
[Round "10.81"]
[White "Rog, Bartlomiej"]
[Black "Kubicka, Anna"]
[Result "1/2-1/2"]
[BlackTitle "WIM"]
[WhiteElo "1969"]
[BlackElo "2217"]
[WhiteFideId "21857377"]
[BlackFideId "1152254"]
[EventDate "2022.12.17"]

1. Nf3 Nf6 2. c4 g6 3. g3 Bg7 4. Bg2 O-O 5. d4 d6 6. O-O Nc6 7. Nc3 Bg4 8. h3
Bxf3 9. exf3 e5 10. d5 Nd4 11. f4 Nd7 12. fxe5 Nxe5 13. b3 f5 14. Be3 Ndf3+ 15.
Bxf3 Nxf3+ 16. Qxf3 Bxc3 17. Rac1 Be5 18. Bf4 Qf6 19. Rce1 Rae8 20. Bxe5 dxe5
21. d6 e4 22. Qd1 cxd6 23. Qd5+ Rf7 24. Rd1 Re6 25. c5 dxc5 26. Qxc5 b6 27. Qc8+
Rf8 28. Qc7 Re7 29. Rd7 Rxd7 30. Qxd7 Rf7 31. Qc8+ Kg7 32. Rd1 f4 33. Rd7 fxg3
34. Rxf7+ Qxf7 35. Qc3+ Qf6 36. Qxg3 Kh6 37. Qc7 a5 38. Qb7 Qe6 39. Kg2 g5 40.
Qb8 Qf6 41. Qb7 Qg6 42. Qe7 Kh5 43. Qe5 Qc6 44. Kh2 Kg6 45. a3 h6 46. b4 axb4
47. axb4 b5 48. Qe7 Kf5 49. Kg1 Qe6 50. Qh7+ Kf4 51. Qc7+ Qe5 52. Qf7+ Qf5 53.
Qc7+ Qe5 54. Qf7+ Qf5 55. Qc7+ Qe5 56. Qf7+ 1/2-1/2

[Event "European Rapid 2022"]
[Site "Katowice POL"]
[Date "2022.12.18"]
[Round "10.82"]
[White "Czarnecka, Lidia"]
[Black "Budrewicz, Krzysztof"]
[Result "1-0"]
[WhiteTitle "WCM"]
[WhiteElo "2018"]
[BlackElo "2184"]
[WhiteFideId "21807531"]
[BlackFideId "1127950"]
[EventDate "2022.12.17"]

1. e4 g6 2. d4 Bg7 3. Nc3 d6 4. Nf3 a6 5. a4 Nf6 6. Be2 O-O 7. O-O Nc6 8. h3 b6
9. Be3 Bb7 10. Re1 e5 11. Qd2 Re8 12. d5 Ne7 13. Bc4 Rf8 14. Bh6 Bc8 15. Bxg7
Kxg7 16. Rf1 h6 17. Nh2 Nh5 18. Ng4 Ng8 19. Be2 Qh4 20. Nh2 Nf4 21. Qe3 Bd7 22.
Kh1 Qe7 23. Bf3 Nf6 24. h4 g5 25. g3 Ng6 26. h5 Nh8 27. g4 Bc8 28. Ne2 a5 29.
Ng3 Ne8 30. Rfe1 Qf6 31. Kg2 Qf4 32. Qc3 Ra7 33. Re3 Qf6 34. Nhf1 Qd8 35. Ree1
Bd7 36. Ne3 Kh7 37. Be2 Nf6 38. f3 Be8 39. Ngf5 Nd7 40. b3 Nc5 41. Rad1 f6 42.
Bb5 Nf7 43. Qc4 Bxb5 44. axb5 Qd7 45. c3 Rfa8 46. Ra1 a4 47. b4 Nb7 48. Ra3 Kg8
49. Rea1 Kf8 50. Nd1 Nbd8 51. Nb2 Qc8 52. Qd3 Qb7 53. c4 Qb8 54. Qc2 Nb7 55.
Rxa4 Rxa4 56. Rxa4 Rxa4 57. Qxa4 Nbd8 58. Nd3 Nb7 59. Kf2 Nbd8 60. Qa3 Nb7 61.
Qa6 Nbd8 62. Nb2 Ke8 63. Na4 Kd7 64. c5 bxc5 65. bxc5 Qc8 66. c6+ 1-0

[Event "European Rapid 2022"]
[Site "Katowice POL"]
[Date "2022.12.18"]
[Round "10.83"]
[White "Warszawski, Bartosz"]
[Black "Zabron, Maksym"]
[Result "1-0"]
[WhiteElo "2160"]
[BlackElo "2019"]
[WhiteFideId "1110799"]
[BlackFideId "21819742"]
[EventDate "2022.12.17"]

1. e4 c5 2. Nf3 d6 3. Nc3 Nf6 4. e5 dxe5 5. Nxe5 Nbd7 6. d4 e6 7. Bb5 a6 8.
Bxd7+ Nxd7 9. Qh5 g6 10. Qf3 Qf6 11. Bf4 g5 12. Bxg5 Qxg5 13. Qxf7+ Kd8 14.
Qxd7+ Bxd7 15. Nf7+ Kc7 16. Nxg5 cxd4 17. Nce4 Rg8 18. O-O Be7 19. Nf3 Bc6 20.
Rfe1 Rg4 21. Ng3 Bxf3 22. gxf3 Rg6 23. Re4 Bc5 24. Rae1 Kd6 25. Rh4 h6 26. Kf1
Rf8 27. Rh5 Bb6 28. Ne4+ Kc6 29. Nd2 Rf4 30. Re4 Rf8 31. Nc4 Bc7 32. Ne5+ Bxe5
33. Rhxe5 Kd6 34. f4 Rxf4 35. Rxe6+ Rxe6 36. Rxf4 Ke5 37. Rf3 Rb6 38. Rb3 Rc6
39. c3 dxc3 40. Rxc3 Rd6 41. Ke2 b5 42. Rh3 Rc6 43. Ke3 Kf5 44. Rh5+ Kg6 45. Rd5
Kf6 46. Kd3 Kg6 47. f4 Kf6 48. b3 Ke6 49. Rh5 Kf7 50. a4 b4 51. Kd4 Rc3 52. Rxh6
Rxb3 53. Rxa6 Rf3 54. Ke4 Ra3 55. Kf5 b3 56. Ra7+ Kf8 57. Rb7 Rxa4 58. Rxb3 Ra5+
59. Kg4 Kf7 60. Rb6 Ra2 61. h4 Rg2+ 62. Kf5 Rh2 63. Rb7+ Kf8 64. Kg5 Rc2 65. h5
Rc5+ 66. f5 Rc6 67. h6 Kg8 68. f6 Rc1 69. h7+ Kh8 70. Rb8+ Kxh7 71. f7 Rg1+ 72.
Kh4 Rh1+ 73. Kg3 Rg1+ 74. Kf2 Rg6 75. f8=N+ Kg7 76. Nxg6 Kxg6 77. Rb5 1-0

[Event "European Rapid 2022"]
[Site "Katowice POL"]
[Date "2022.12.18"]
[Round "10.84"]
[White "Fishchuk, Vladyslav"]
[Black "Luczak, Filip"]
[Result "0-1"]
[WhiteTitle "FM"]
[BlackTitle "FM"]
[WhiteElo "2194"]
[BlackElo "2326"]
[WhiteFideId "34122117"]
[BlackFideId "1193686"]
[EventDate "2022.12.17"]

1. e4 g6 2. d4 Bg7 3. Nf3 d6 4. Nc3 a6 5. Be3 Nc6 6. Qd2 e5 7. dxe5 Nxe5 8. Nxe5
Bxe5 9. O-O-O Be6 10. Bd3 Ne7 11. f4 Bg7 12. Kb1 Qd7 13. h3 O-O-O 14. g4 d5 15.
exd5 Nxd5 16. Nxd5 Bxd5 17. Rhf1 Qa4 18. a3 Be4 19. Qe2 Bxd3 20. Rxd3 Rxd3 21.
Qxd3 Rd8 22. Qe2 Re8 23. Qf3 Qb5 24. Bc1 Qe2 25. Qxe2 Rxe2 26. f5 Kd7 27. Bg5
gxf5 28. Rxf5 Ke6 29. Rf3 Be5 30. Bf4 f6 31. Bxe5 fxe5 32. Kc1 Rh2 33. Rb3 b6
34. Rc3 c5 35. a4 Kd5 36. Rb3 e4 37. Rxb6 e3 38. Kd1 Rd2+ 39. Ke1 Rxc2 40. h4 c4
41. Rb7 Ke4 42. g5 Kf5 43. Re7 Rxb2 44. Rxe3 Rh2 45. Rf3+ Ke4 46. Rf6 Rxh4 47.
Kd2 Rh3 48. Rxa6 Kd4 49. Rd6+ Kc5 50. Rd8 Kb4 51. Rc8 Rh2+ 52. Ke3 c3 53. a5 Ra2
54. Kd3 Rd2+ 55. Ke3 Rd7 56. a6 Kb3 57. Rb8+ Ka3 58. Rb7 c2 59. Rxd7 c1=Q+ 60.
Ke4 Qc6+ 61. Rd5 Qe6+ 62. Re5 Qxa6 63. Kf5 Qg6+ 64. Kf4 Kb4 65. Rf5 Kc4 66. Rf6
Qg8 67. Kg4 Kd5 68. Kh5 Qg7 69. Rb6 Ke4 70. Re6+ Kf4 71. Rf6+ Kg3 72. Rb6 Qf7+
73. Kh6 Qe7 74. g6 hxg6 75. Rxg6+ Kf4 76. Rg7 Qh4+ 77. Kg6 Qg5+ 78. Kf7 Qf5+ 79.
Ke8 Qe6+ 80. Re7 Qc8+ 81. Kf7 Kf5 82. Re8 Qc4+ 83. Ke7 Qc7+ 84. Kf8 Kf6 0-1

[Event "European Rapid 2022"]
[Site "Katowice POL"]
[Date "2022.12.18"]
[Round "10.85"]
[White "Povilaitis, Tomas"]
[Black "Putlak, Wojciech"]
[Result "1-0"]
[WhiteElo "2038"]
[BlackElo "1992"]
[WhiteFideId "12811700"]
[BlackFideId "1183303"]
[EventDate "2022.12.17"]

1. e4 e6 2. d3 d5 3. Nd2 dxe4 4. dxe4 Nf6 5. Ngf3 Bc5 6. h3 O-O 7. Bd3 Nc6 8. a3
a6 9. O-O e5 10. Nc4 Qe7 11. Bg5 Rd8 12. Qe2 Nd4 13. Nxd4 Bxd4 14. c3 Ba7 15.
Rad1 Bd7 16. Ne3 Be6 17. Bc2 Rxd1 18. Rxd1 Rd8 19. Nd5 Bxd5 20. exd5 h6 21. Bh4
g5 22. Bg3 Rxd5 23. Rxd5 Nxd5 24. Qe4 Qe6 25. Qxe5 Qxe5 26. Bxe5 c6 27. Kf1 f6
28. Bd6 Kf7 29. Bf5 Ne7 30. Bd7 Bb6 31. Ke2 Bd8 32. Kd3 h5 33. f3 h4 34. c4 b6
35. b4 Ng6 36. Ke4 Ne7 37. f4 gxf4 38. Kxf4 Ng6+ 39. Kf5 Ne5 40. Bxe5 fxe5 41.
Kxe5 c5 42. bxc5 bxc5 43. Kd5 Bg5 44. a4 Be3 45. Kc6 Ke7 46. Bc8 a5 47. Kb5 Kd6
48. Kxa5 Kc6 49. Ka6 Bd2 50. Bb7+ Kc7 51. Bd5 Bb4 52. a5 Be1 53. Kb5 Bb4 54. a6 1-0

[Event "European Rapid 2022"]
[Site "Katowice POL"]
[Date "2022.12.18"]
[Round "10.87"]
[White "Zochowski, Kacper"]
[Black "Golis, Wiktor"]
[Result "1-0"]
[WhiteTitle "FM"]
[WhiteElo "2256"]
[BlackElo "1795"]
[WhiteFideId "1125494"]
[BlackFideId "21055874"]
[EventDate "2022.12.17"]

1. c4 e6 2. g3 d5 3. Bg2 dxc4 4. Qa4+ Nd7 5. Qxc4 a6 6. Qb3 Ngf6 7. Nf3 Bd6 8.
O-O O-O 9. a4 c5 10. Na3 Nb8 11. Nc4 Nc6 12. Nxd6 Qxd6 13. d3 e5 14. Bd2 Be6 15.
Qd1 Bd5 16. Rc1 Nd4 17. Nxd4 cxd4 18. Bxd5 Qxd5 19. Bg5 Nd7 20. Rc7 Rfc8 21. Qc2
Rxc7 22. Qxc7 Nc5 23. Rc1 Ne6 24. Qe7 h6 25. Bd2 Qb3 26. Qb4 Qxb4 27. Bxb4 f6
28. Ba3 Kf7 29. Rc4 Ke8 30. Rb4 Nd8 31. f4 Kd7 32. fxe5 fxe5 33. Rb6 Nc6 34.
Rxb7+ Ke6 35. Rxg7 Kf5 36. Kg2 Rc8 37. Rf7+ Kg6 38. Rd7 Kf5 39. h3 h5 40. Rd6 e4
41. Rd5+ Ke6 42. dxe4 Ne7 43. Bxe7 Kxe7 44. Rxd4 Rc2 45. Rb4 Rxe2+ 46. Kf3 1-0

[Event "European Rapid 2022"]
[Site "Katowice POL"]
[Date "2022.12.18"]
[Round "10.88"]
[White "Kossobudzki, Robert"]
[Black "Varvadoukas, Theodoros"]
[Result "0-1"]
[WhiteElo "1989"]
[BlackElo "2109"]
[WhiteFideId "1107887"]
[BlackFideId "4210735"]
[EventDate "2022.12.17"]

1. Nf3 g6 2. b4 Bg7 3. Nc3 d6 4. Rb1 e5 5. e3 f5 6. Bb2 Nf6 7. d4 e4 8. Ng5 h6
9. Nh3 g5 10. Be2 O-O 11. Na4 Nc6 12. b5 Ne7 13. c4 Ng6 14. c5 d5 15. b6 f4 16.
bxc7 Qxc7 17. Qb3 Nh4 18. exf4 Nxg2+ 19. Kf1 Bxh3 20. Qxh3 Nxf4 21. Qb3 Rf7 22.
h4 Nxe2 23. Kxe2 Ng4 24. Rbf1 Qd7 25. Nc3 Rd8 26. hxg5 Qf5 27. Nd1 Qxg5 28. Rfg1
h5 29. Qh3 Rf5 30. Qh4 Qxh4 31. Rxh4 Rdf8 32. Rg2 R8f7 33. Rh3 Kf8 34. Ra3 a6
35. c6 R5f6 36. Rh3 Rxc6 37. Rxh5 Rc2+ 38. Ke1 Nxf2 39. Ba3+ Ke8 40. Rxf2 Rfxf2
41. Nxf2 Bxd4 42. Nd1 Rxa2 43. Rxd5 Bf6 44. Bc5 b5 45. Bd4 Kf7 46. Bxf6 Kxf6 47.
Nc3 Ra1+ 48. Ke2 b4 49. Nxe4+ Ke6 50. Rd6+ Ke5 51. Rxa6 Rxa6 52. Nc5 Ra3 53. Kd2
Kd4 54. Ne6+ Kc4 55. Kc2 Ra2+ 56. Kb1 Rh2 57. Nf4 Kc3 58. Nd5+ Kb3 59. Kc1 Rh5
60. Ne3 Rc5+ 61. Kd2 Ka2 62. Kd3 b3 63. Kd4 Rc8 0-1

[Event "European Rapid 2022"]
[Site "Katowice POL"]
[Date "2022.12.18"]
[Round "10.89"]
[White "Wnek, Filip"]
[Black "Gvetadze, Sofio"]
[Result "0-1"]
[BlackTitle "IM"]
[WhiteElo "1966"]
[BlackElo "2298"]
[WhiteFideId "21833281"]
[BlackFideId "13601440"]
[EventDate "2022.12.17"]

1. e4 c5 2. Nf3 g6 3. d4 cxd4 4. Nxd4 Bg7 5. Nc3 Nc6 6. Be3 Nf6 7. Bc4 Na5 8.
Be2 d6 9. O-O O-O 10. f4 Bd7 11. e5 Ne8 12. Nf3 Nc6 13. Bc4 Bg4 14. exd6 Nxd6
15. Bd5 Qa5 16. h3 Bf5 17. Bxc6 bxc6 18. Nd4 Qc7 19. Re1 Rad8 20. Qf3 Bd7 21.
Rad1 Nc4 22. b3 Nxe3 23. Rxe3 Bg4 24. Qxg4 Bxd4 25. Rxd4 Rxd4 26. Qg5 Rd7 27. f5
Qd6 28. Ne4 Qd4 29. c3 Qe5 30. g4 Rfd8 31. h4 Rd1+ 32. Kg2 R8d2+ 33. Nf2 Qd5+
34. Rf3 Rxf2+ 35. Kxf2 Rf1+ 36. Kxf1 Qxf3+ 37. Ke1 Qxc3+ 38. Kf1 Qa1+ 39. Kf2
Qxa2+ 40. Kf1 Qa1+ 41. Kf2 Qf6 42. Qf4 Qxh4+ 43. Kf1 Kg7 44. Qb8 Qxg4 45. Qxa7
g5 0-1

[Event "European Rapid 2022"]
[Site "Katowice POL"]
[Date "2022.12.18"]
[Round "10.90"]
[White "Kazakouski, Valery"]
[Black "Pylyp, Dmytro"]
[Result "1-0"]
[WhiteTitle "GM"]
[WhiteElo "2539"]
[BlackElo "1465"]
[WhiteFideId "13507443"]
[BlackFideId "14175258"]
[EventDate "2022.12.17"]

1. Nf3 Nf6 2. c4 g6 3. g3 Bg7 4. Bg2 d5 5. cxd5 Nxd5 6. d4 c5 7. e4 Nb6 8. d5 e6
9. O-O exd5 10. exd5 Qxd5 11. Re1+ Be6 12. Qxd5 Nxd5 13. Ng5 Kd7 14. Nc3 Bxc3
15. bxc3 Nc6 16. Bxd5 Bxd5 17. Rd1 1-0

[Event "European Rapid 2022"]
[Site "Katowice POL"]
[Date "2022.12.18"]
[Round "10.91"]
[White "Sidletskyi, Ivan"]
[Black "De Filomeno, Simone"]
[Result "1/2-1/2"]
[BlackTitle "IM"]
[WhiteElo "2152"]
[BlackElo "2450"]
[WhiteFideId "14156024"]
[BlackFideId "828688"]
[EventDate "2022.12.17"]

1. e4 c5 2. Nf3 Nc6 3. Nc3 g6 4. d4 cxd4 5. Nxd4 Bg7 6. Be3 Nf6 7. Bc4 O-O 8.
Bb3 Re8 9. f3 e6 10. f4 e5 11. fxe5 Nxe4 12. Bxf7+ Kxf7 13. O-O+ Kg8 14. Nxe4
Rxe5 15. Qf3 d5 16. Nxc6 bxc6 17. Bg5 Qb6+ 18. Be3 Qc7 19. Nf6+ Kh8 20. Bd4 Bf5
21. Bxe5 Qxe5 22. Ng4 Qxb2 23. Ne3 Be4 24. Qf4 Qa3 25. Rab1 Bd4 26. Rb3 Qe7 27.
Kh1 Re8 28. Ng4 Bg7 29. Rb8 Bf5 30. Rxe8+ Qxe8 31. Rb1 h5 32. Rb8 Bc8 33. Qe3
Qf8 34. Ne5 Kh7 35. Nf3 d4 36. Qd3 Qf5 37. Qxf5 Bxf5 38. Rb7 c5 39. Rc7 Bxc2 40.
Nxd4 cxd4 41. Rxc2 Kh6 42. Kg1 Be5 43. Rc5 Bf4 44. Rd5 Bc7 45. Kf1 Bxh2 46. Rxd4
Bc7 47. Ke2 g5 48. Rd7 Bb6 49. Rd6+ Kg7 50. Kf3 g4+ 51. Ke4 h4 52. Kf5 h3 53.
Rg6+ Kf7 54. Rxg4 hxg2 55. Rxg2 Ke7 56. Rd2 Bc5 57. Ke5 Bb4 58. Rd3 a5 59. a3
Be1 60. Rd1 Bg3+ 61. Kd5 Kd7 62. Kc5+ Kc8 63. Kb6 Bc7+ 64. Kc6 Bf4 65. Rf1 Bh6
66. Rf5 Kb8 67. Rxa5 Be3 68. Re5 Bf2 69. a4 Ka7 70. Kb5 Bg1 71. Re7+ Kb8 72. Kc6
Bf2 73. a5 Bg1 74. Rb7+ Ka8 75. Rg7 Be3 76. Kb5 Kb8 77. a6 Ka8 78. Kc6 Bd4 79.
Rf7 Bg1 80. Rf3 Bd4 81. Rd3 Bg1 82. Rd8+ Ka7 83. Kb5 Bf2 84. Rd7+ Ka8 85. Rf7
Bg1 86. Kc6 Be3 87. Rb7 Bg1 88. Kc7 Bh2+ 89. Kc8 Bg1 90. Kc7 Bh2+ 91. Kb6 Bg1+
92. Kb5 Bf2 93. Rf7 Bg1 94. Rf8+ Ka7 95. Rf7+ Ka8 96. Rg7 Be3 97. Re7 Bf2 98.
Rf7 Bg1 99. Rg7 Be3 100. a7 Bxa7 101. Ka6 Bb8 102. Rg8 1/2-1/2

[Event "European Rapid 2022"]
[Site "Katowice POL"]
[Date "2022.12.18"]
[Round "10.92"]
[White "Tazbir, Marcin"]
[Black "Redzisz, Michal"]
[Result "1-0"]
[WhiteTitle "GM"]
[BlackTitle "FM"]
[WhiteElo "2508"]
[BlackElo "2260"]
[WhiteFideId "1122452"]
[BlackFideId "21816107"]
[EventDate "2022.12.17"]

1. c4 Nf6 2. g3 e6 3. Bg2 d5 4. Nf3 dxc4 5. Qa4+ Nbd7 6. Qxc4 a6 7. Qc2 c5 8. a4
b6 9. O-O Bb7 10. d3 Be7 11. b3 O-O 12. Bb2 Rc8 13. Nbd2 Nd5 14. Nc4 Qc7 15. e4
Nb4 16. Qe2 Rfd8 17. Rfd1 b5 18. Na3 Qb6 19. axb5 axb5 20. d4 Ba6 21. d5 exd5
22. exd5 Bf6 23. d6 c4 24. Bd4 Bxd4 25. Rxd4 Nd3 26. bxc4 bxc4 27. Bh3 N7e5 28.
Bxc8 Nxf3+ 29. Qxf3 Qxd4 30. Nc2 Qb2 31. Bxa6 Qxc2 32. Rf1 Qa4 33. Qb7 Qd7 34.
Qxd7 Rxd7 35. Rb1 g6 36. Rb6 Nc5 37. Bb5 c3 38. Rc6 Ne6 39. Rc8+ Rd8 40. d7 Kf8
41. Rxc3 Nd4 42. Rc8 Ke7 43. Ba4 Nf3+ 44. Kg2 Ne5 45. Rc7 Nxd7 46. Ra7 Kd6 47.
Bb3 f6 48. Ra6+ Ke7 49. Re6+ Kf7 50. Ba2 Re8 51. Rd6+ Ke7 52. Re6+ Kf7 53. Ra6+
Kf8 54. h4 Re7 55. g4 Kg7 56. Ra7 Kf8 57. Kg3 Nc5 58. Ra5 Ne4+ 59. Kg2 Re5 60.
Ra8+ Re8 61. Ra6 f5 62. gxf5 gxf5 63. f3 Nc5 64. Ra5 f4 65. Kh3 Re5 66. Ra8+ Re8
67. Ra5 Re5 68. Rb5 h5 69. Bb1 Kf7 70. Rb4 Ne6 71. Ba2 Kf6 72. Bxe6 Rxe6 73.
Rxf4+ Kg6 74. Rb4 Rc6 75. Kg3 Rf6 76. Rb5 Kh6 77. f4 Ra6 78. f5 Ra4 79. Rb6+ Kh7
80. Rg6 Rb4 81. Rg5 Kh6 82. Rg8 Kh7 83. Rg5 Kh6 84. f6 Rg4+ 85. Rxg4 hxg4 86. h5 1-0